• 首页
  • 本馆介绍
  • 公告通知
  • 最新文献
  • 馆藏检索
  • 电子资源
  • 读者导购
  • 参考咨询
  • 我的图书馆
  • 登录
  • 详细信息显示
  • 放入我的书架
  • 预约/预借图书
  • 作者相关作品
  • 分类相关作品
  • 丛书相关作品
  • 出版社相关作品

书目信息

  • 表格格式
  • 工作单格式
  • 卡片格式
题名:
执政策论
    
 
作者: 刘杰 主编 ;上海社科院民主政治研究中心 编
分册:  
出版信息: 北京   时事出版社  2005
页数: 429页
开本: 24cm
丛书名: 专家纵论
单 册:
中图分类: D523
科图分类:
主题词: 国家--行政管理--案例--研究--世界
电子资源:
ISBN: 7-80009-851-6
000 01338nam0 2200349 450
000 01301nam0 2200337 450
000 01299nam0 2200349 450
000 01245nam0 2200325 450
000 01263nam0 2200313 450
000 01226nam0 2200301 45
001 TS2006046717
005 20070113102819.76
010    @a7-80009-851-6@dCNY56.00
100    @a20060829d2005 emky0chiy0110 ea
101 0  @achi
102    @aCN@b110000
105    @ay z 000yy
200 1  @a执政策论@AZhi Zheng Ce Lun@e各国治国理政案例研究@EGe Guo Zhi Guo Li Zheng An Li Yan Jiu@f刘杰主编@FLiu Jie Zhu Bian@g上海社会科学院民主政治研究中心编
210    @a北京@c时事出版社@d2005
215    @a429页@d24cm
225 2  @a专家纵论
330    @a本书内容包括:执政理念论、制度建设论、依法治国论、干预经济论、政党制度论、民族宗教问题论、人权保障论等。
410  0 @12001 @a专家纵论
517 1  @a各国治国理政案例研究@AGe Guo Zhi Guo Li Zheng An Li Yan Jiu
606 0  @a国家@x行政管理@x案例@x研究@y世界
690    @aD523@v4
701  0 @a刘杰@ALiu Jie@4主编
712 02 @a上海社科院民主政治研究中心@AShang Hai She Ke Yuan Min Zhu Zheng Zhi Yan Jiu Zhong Xin@4编
801  0 @aCN@b中图数据@c20070113
905    @a10447@dD523@e148
    
    执政策论:各国治国理政案例研究/刘杰主编/上海社会科学院民主政治研究中心编.-北京:时事出版社,2005
    429页;24cm.-(专家纵论)
    
    
    ISBN 7-80009-851-6:CNY56.00
    本书内容包括:执政理念论、制度建设论、依法治国论、干预经济论、政党制度论、民族宗教问题论、人权保障论等。
●
相关链接 在E读中查询图书 在五车中查询图书 在当当中查询图书 在豆瓣中查询图书


正题名:执政策论     索取号:D523/148         预约/预借

序号 登录号 条形码 馆藏地/架位号 状态 备注
1 0612112   206121123   第一样本阅览室/ [索取号:D523/148] 在馆    
2 0612113   206121132   第一借阅区/ [索取号:D523/148] 在馆    
3 0612114   206121141   第一借阅区/ [索取号:D523/148] 在馆    
4 0612115   206121150   第一借阅区/ [索取号:D523/148] 在馆    
5 0612116   206121169   第一借阅区/ [索取号:D523/148] 在馆    
唐山师范学院图书馆 欢迎您!
大连网信软件有限公司© 版权所有